000 00934nam a2200313 a 4500
001 000047901
003 DO-SdBNP
005 20250129072427.0
007 ta
008 181002s2017 dr a r 000 j spa d
020 _a9789945088182
040 _aDO-SdBNP
_bspa
_cBNPHU
_erda
041 _hspa
082 4 _aRD863.5
_bI39c
_222
100 1 _aHernández, Rita Indiana,
_d1977-
_eautor
_97082
245 1 0 _aCuentos y poemas (1998-2003) /
_cRita Indiana ; prólogo Sara Hermann.
260 _c.
264 _aSanto Domingo :
_bCielonaranja,
_c2017
300 _a180 páginas :
_bilustraciones ;
_c22 cm.
336 _ardacontent
_btexto
_2txt
337 _ardamedia
_bsin mediación
_2n
338 _ardacarrier
_bvolumen
_2nc
590 _aInventariado, 2020/BT
650 0 _aCuentos dominicanos
_9176
650 0 _aLiteratura dominicana.
_967
700 1 _aHermann, Sara,
_eprólogo
_958086
910 _aBT
942 _2ddc
_cLBS1
999 _c47389
_d47389